00327nam a2200109Ia 4500008004100000041000800041100002200049245006600071260003500137300000900172700003600181250110s9999 xx 000 0 und d aeng aShirodkar Gayatri aHousing Township For Reliance Power : Chitrangi Singrauli M P bFinal Year B. Arch, BNCAc2011 a117p aGuide Name:Sahastrabuddhe Swati